Does gang membership pay? Illegal and legal earnings through emerging adulthood

Gespeichert in:  
Bibliographische Detailangaben
VerfasserInnen: Augustyn, Megan Bears (Verfasst von) ; Pyrooz, David C. (Verfasst von) ; McGloin, Jean Marie (Verfasst von)
Medienart: Elektronisch Aufsatz
Sprache:Englisch
Veröffentlicht: 2019
In: Criminology
Jahr: 2019, Band: 57, Seiten: 452-480
Online-Zugang: Volltext (lizenzpflichtig)
Verfügbarkeit prüfen: HBZ Gateway

MARC

LEADER 00000caa a22000002c 4500
001 1912518287
003 DE-627
005 20250114054949.0
007 cr uuu---uuuuu
008 241217s2019 xx |||||o 00| ||eng c
024 7 |a 10.1111/1745-9125.12208  |2 doi 
035 |a (DE-627)1912518287 
035 |a (DE-599)KXP1912518287 
040 |a DE-627  |b ger  |c DE-627  |e rda 
041 |a eng 
084 |a 2,1  |2 ssgn 
100 1 |a Augustyn, Megan Bears  |e VerfasserIn  |0 (DE-588)1211105156  |0 (DE-627)1698948816  |0 (DE-576)379597292  |4 aut 
109 |a Augustyn, Megan Bears  |a Bears Augustyn, Megan  |a Augustyn, Megan B. 
245 1 0 |a Does gang membership pay? Illegal and legal earnings through emerging adulthood 
264 1 |c 2019 
336 |a Text  |b txt  |2 rdacontent 
337 |a Computermedien  |b c  |2 rdamedia 
338 |a Online-Ressource  |b cr  |2 rdacarrier 
700 1 |a Pyrooz, David C.  |e VerfasserIn  |0 (DE-588)1047263351  |0 (DE-627)777921375  |0 (DE-576)334866138  |4 aut 
700 1 |a McGloin, Jean Marie  |e VerfasserIn  |0 (DE-588)104480615X  |0 (DE-627)772809119  |0 (DE-576)189362839  |4 aut 
773 0 8 |i Enthalten in  |t Criminology  |d Oxford [u.a.] : Wiley-Blackwell, 1970  |g 57(2019), Seite 452-480  |h Online-Ressource  |w (DE-627)340877685  |w (DE-600)2066199-X  |w (DE-576)25810161X  |x 1745-9125  |7 nnas 
773 1 8 |g volume:57  |g year:2019  |g pages:452-480 
787 0 8 |i Forschungsdaten  |a Mulvey, Edward P.  |t Research on Pathways to Desistance (Maricopa County, AZ and Philadelphia County, PA): Calendar Data, 2000-2010 (Restricted)  |d [Erscheinungsort nicht ermittelbar] : [Verlag nicht ermittelbar], 2014  |w (DE-627)1840043180 
856 4 0 |u https://doi.org/10.1111/1745-9125.12208  |x Resolving-System  |z lizenzpflichtig  |3 Volltext  |7 1 
935 |a mkri 
951 |a AR 
ELC |a 1 
LOK |0 000 xxxxxcx a22 zn 4500 
LOK |0 001 4637483786 
LOK |0 003 DE-627 
LOK |0 004 1912518287 
LOK |0 005 20241217044336 
LOK |0 008 241217||||||||||||||||ger||||||| 
LOK |0 035   |a (DE-2619)ICPSR141146 
LOK |0 040   |a DE-2619  |c DE-627  |d DE-2619 
LOK |0 092   |o n 
LOK |0 852   |a DE-2619 
LOK |0 852 1  |9 00 
LOK |0 935   |a nacp 
LOK |0 939   |a 17-12-24  |b l01 
ORI |a SA-MARC-krimdoka001.raw